Študijný program Národohospodárskej fakulty 1999/2000 Ekonomická univerzita v Bratislave
Uložené v:
| Ďalší autori: | , |
|---|---|
| Médium: | Kniha |
| Jazyk: | Slovak |
| Vydavateľské údaje: |
Bratislava
Vydavateľstvo Ekonóm
1999
|
| Predmet: | |
| Tagy: |
Žiadne tagy, Buďte prvý, kto otaguje tento záznam!
|
MARC
| LEADER | 00000nam a2200000 4500 | ||
|---|---|---|---|
| 001 | c113869 | ||
| 005 | 20240502071316.9 | ||
| 020 | |a 80-225-1158-7 | ||
| 041 | 0 | |a slo | |
| 044 | |a SK | ||
| 245 | 1 | 0 | |a Študijný program Národohospodárskej fakulty 1999/2000 |b Ekonomická univerzita v Bratislave |c [zostavili: Rudolf Sivák, Elena Kordošová] |
| 264 | 1 | |a Bratislava |b Vydavateľstvo Ekonóm |c 1999 | |
| 300 | |a 99 s. | ||
| 610 | 2 | 0 | |a programy študijné |
| 610 | 2 | 0 | |a univerzity |
| 610 | 2 | 0 | |a vzdelávanie vysokoškolské |
| 700 | 1 | |a Sivák, Rudolf, 1955- | |
| 700 | 1 | |a Kordošová, Elena | |